000 00305nam a22001457a 4500
008 210310b ||||| |||| 00| 0 eng d
020 _a9781307168327
041 _aeng
080 _a573
082 _a573
100 _a11
101 _aBIO
245 _aGeneral Biology I
_cMcgraw,H
942 _2udc
_cBK
999 _c56133
_d56133